| 000 | 00677nam a22001697a 4500 | ||
|---|---|---|---|
| 005 | 20260313123132.0 | ||
| 008 | 260313b |||||||| |||| 00| 0 eng d | ||
| 020 | _a9798895563007 | ||
| 040 | _cVITAP | ||
| 082 |
_223 _a658.3113 RAJ |
||
| 100 |
_aRaja, Y. Narasimha _917236 |
||
| 245 |
_aGroup Discussion Techniques _b: 101 Group Discussion Techniques for Participants & HR _c/ Dr. Y. Raja Narasimha |
||
| 260 |
_aCalifornia _bNotion Press _c2024 |
||
| 300 | _aiv, 104p, .: 20cm | ||
| 650 | 0 |
_aIntroduction to Group Discussion, Types of Group Discussions, Structure of a Group Discussion, Communication Skills in GD, Leadership in Group Discussion etc. _917237 |
|
| 942 |
_2ddc _cBK |
||
| 999 |
_c47343 _d47343 |
||